| 000 | 01173 a2200241 4500 | ||
|---|---|---|---|
| 005 | 20080912110148.0 | ||
| 008 | 080912t xxu||||| |||| 00| 0 hin d | ||
| 010 | _aHIN-79807 | ||
| 020 |
_c275.00 _a8183185843 |
||
| 035 | _aHN-52153 | ||
| 037 | _bD.B.Act / pub | ||
| 082 | _a330.954 | ||
| 100 | _aमिश्र, एस.के. | ||
| 245 |
_aभारतीय अर्थव्यवस्था _cएस.के.मिश्र |
||
| 246 |
_aBhartiya Arthvyavastha _bby S.K.Mishra |
||
| 250 | _a18वाँ संस्क | ||
| 260 |
_aबम्बई _bहिमालया पब्लिशिंग हाउस _c2006 |
||
| 270 |
_aरामदूत डां.भालेराव मार्ग, गिरगांव _bबम्बई _e400004 |
||
| 300 |
_a691पृ _c25सेमी(अजिल्द) |
||
| 700 | _aपुरी, वी.के. | ||
| 942 |
_adpl _cHN _k330.954 / मिश्रए _2ddc _h330.954 _mमिश्रए |
||
| 999 |
_c3770 _d3770 |
||